| 000 | 01051cab a22001935a 4500 | ||
|---|---|---|---|
| 001 | L152594 | ||
| 008 | 110331e20110107xxk 000 0 eng d | ||
| 035 | _a(Sirsi) u152594 | ||
| 041 | 0 | _aeng | |
| 110 | 2 |
_aProperty Week _91549 |
|
| 245 | 0 | 0 | _aPath to true happiness will not be smooth in 2011 |
| 260 | _c2011 | ||
| 490 | 0 |
_aProperty Week _v77(1) 7 January 2011, 34(1) |
|
| 520 | _aCushman & Wakefield's latest UK property investment market analysis shows prime yields unchanged in December 2010 ending the year at 5.7% and 38 basis points lower than at the beginning. Yield compression in 2010 was lead by offices with an average fall of 46 basis points compared with retail's 39 and industrial's 22. Across the subsectors London retail and offices and also regional shopping centres showed the top fall of 75 basis points. Table displays current and some historic yields across all subsectors. | ||
| 590 | _aKA | ||
| 651 | 4 |
_aUnited Kingdom _y |
|
| 690 | _aPROPERTY-COMMERCIAL PROPERTY-COMMERCIAL PROPERTY FINANCE AND INVESTMENT | ||
| 942 | _n0 | ||
| 999 |
_c83014 _d83014 |
||